Countries With the Largest Debt to GDP Ratios - Statistics

General Stats
  • This quiz has been taken 1,786 times
  • The average score is 14 of 30
Answer Stats
Debt/GDP Region Answer % Correct
88.7% Europe United Kingdom
86%
161.3% Europe Greece
85%
218.9% Asia Japan
83%
83.2% Europe Spain
80%
89.1% Europe France
79%
126.1% Europe Italy
78%
80.5% Europe Germany
76%
84.1% North America Canada
71%
119.7% Europe Portugal
71%
85.0% Africa Egypt
60%
118.0% Europe Ireland
60%
127.3% Caribbean Jamaica
58%
78.0% Caribbean Dominica
52%
101.1% Europe Belgium
51%
144.0% Caribbean Saint Kitts and Nevis
46%
83.1% Caribbean Barbados
44%
130.0% Caribbean Antigua and Barbuda
41%
110.0% Caribbean Grenada
38%
118.9% Europe Iceland
36%
106.5% Asia Singapore
35%
81.3% Europe Hungary
30%
202.7% Africa Zimbabwe
29%
89.3% Africa Sudan
28%
90.8% North America Belize
27%
80.9% ? Cyprus
27%
77.0% Europe Malta
23%
127.9% Asia Lebanon
15%
79.0% Asia Sri Lanka
13%
118.0% Africa Eritrea
12%
83.1% Africa Cape Verde
5%
No matching quizzes found
Score Distribution
Percent of People with Each Score
Percentile by Number Answered
Your Score History
You have not taken this quiz